000 01151nam a22002657a 4500
005 20170124102935.0
010 _aA-594996
020 _c120.00
035 _aA-594996
037 _bCen Lib/Ret
040 _aDPL
_bHN
082 _a821
_bव्यासभै
100 _aव्यास, भैयालाल
_946351
245 _aतुम मत रोना /
_cभैयालाल व्यास [एवं] विन्ध्य कोकिल
246 _aTum mat rona /
_bby Bhaiyalaal Vyas [and] Vindhy Kokil
260 _bमगध प्रकाशन
_c1992
_aदिल्ली
270 _bदिल्ली
_a4649/123-ए, न्यू मॉडर्न शाहदरा, मंडोली रोड
_e110032
300 _a176पृ.
_c20सेमी (सजिल्द)
650 _aहिन्दी -- साहित्य
_946352
650 _aहिन्दी -- काव्य
_9779
650 _aHindi - literature
_946353
650 _aHindi - poetry
_946354
700 _aकोकिल, विन्ध्य
_946355
942 _2ddc
_cHN
_h821
_mव्यासभै
999 _c112210
_d112210